| 000 | 00503nam a2200169 a 4500 | ||
|---|---|---|---|
| 001 | 5056 | ||
| 003 | CDMR | ||
| 005 | 20131008115038.0 | ||
| 008 | 130130s1988||||||||||||||||||||||||cat|d | ||
| 020 | _a8439310218 | ||
| 040 |
_aCDMR _bcat _cCDMR |
||
| 245 | 3 | _aLa premsa a Catalunya els anys vuitanta | |
| 260 |
_aBarcelona _c1988 _bDepartament de Cultura. Generalitat de Catalunya |
||
| 650 |
_9195 _aPremsa _zCatalunya |
||
| 710 | 1 |
_91064 _aCatalunya _b -- Generalitat _bDepartament de Cultura |
|
| 942 |
_cMON _2udc |
||
| 999 |
_c5056 _d5056 |
||